| 000 | 00000nam 2200000zi 4500 |
| 001 | 9.947526 |
| 003 | CaOODSP |
| 005 | 20250130113655 |
| 006 | m o d f |
| 007 | cr bn||||||||| |
| 008 | 250129e198204 onca ob f000 0 eng d |
| 040 | |aCaOODSP|beng|erda|cCaOODSP |
| 043 | |an-cn--- |
| 086 | 1 |aDR52-19/25-1982E-PDF |
| 100 | 1 |aHynes, A. G., |eauthor. |
| 245 | 10|aOperating and maintenance procedures for the recently developed personal cooling system MK II CH-124 (Sea King) / |cA.G. Hynes. |
| 264 | 1|aDownsview, Ontario : |bDefence and Civil Institute of Environmental Medicine : |bDepartment of National Defence - Canada, |cApril 1982 |
| 300 | |a1 online resource (v, 12 pages) : |billustrations |
| 336 | |atext|btxt|2rdacontent |
| 337 | |acomputer|bc|2rdamedia |
| 338 | |aonline resource|bcr|2rdacarrier |
| 490 | 1 |aDCIEM report ; |vno. 82-R-16 |
| 500 | |aDigitized edition from print [produced by Defence R&D Canada]. |
| 504 | |aIncludes bibliographical references (page 6). |
| 650 | 0|aCooling systems|zCanada. |
| 650 | 6|aSystèmes de refroidissement|zCanada. |
| 710 | 2 |aDefence and Civil Institute of Environmental Medicine (Canada), |eissuing body. |
| 710 | 1 |aCanada. |bDepartment of National Defence, |eissuing body. |
| 830 | #0|aDCIEM report ;|vno. 82-R-16.|w(CaOODSP)9.941842 |
| 856 | 40|qPDF|s1.01 MB|uhttps://publications.gc.ca/collections/collection_2025/rddc-drdc/DR52-19-25-1982-eng.pdf |